Normal view
MARC view
- India
Entry Geographic Name
001 - CONTROL NUMBER
- control field: 1372
003 - CONTROL NUMBER IDENTIFIER
- control field: NUST
005 - DATE AND TIME OF LATEST TRANSACTION
- control field: 20170523145959.0
008 - FIXED-LENGTH DATA ELEMENTS
- fixed length control field: 170523|| aca||aabn | a|a d
040 ## - CATALOGING SOURCE
- Original cataloging agency: NUST
- Transcribing agency: NUST
151 ## - HEADING--GEOGRAPHIC NAME
- Geographic name: India
- General subdivision: History
- Chronological subdivision: Sepoy Rebellion, 1857-1858.
670 ## - SOURCE DATA FOUND
- Source citation: Work cat.: (NUST)0: Ball, Charles. 1371, The history of the Indian mutiny :, 2005.
